| 000 | 00392nam a2200157 4500 | ||
|---|---|---|---|
| 005 | 20260212173415.0 | ||
| 008 | CU66 | ||
| 020 | _a0898624789 | ||
| 050 | _aHF5549HUM | ||
| 100 | _aABRAHAM K. KORMAN | ||
| 245 |
_aHUMAN DILEEMAS IN WORK ORGANIZATION _bSTRATEGIES FOR RESOLUTION |
||
| 260 |
_aNEW YORK _bTHE GUILFORD PRESS _c1994 |
||
| 300 | _aXII.,292p. | ||
| 500 | _aINDEX | ||
| 942 |
_2lcc _cBK _n0 |
||
| 999 |
_c8690 _d8690 |
||